A HANDBOOK OF PHARMACOGNOSY (Record no. 6089)

MARC details
000 -LEADER
fixed length control field 00386nam a22001577a 4500
005 - DATE AND TIME OF LATEST TRANSACTION
control field 20240110123346.0
008 - FIXED-LENGTH DATA ELEMENTS--GENERAL INFORMATION
fixed length control field 200314b xxu||||| |||| 00| 0 eng d
020 ## - INTERNATIONAL STANDARD BOOK NUMBER
ISBN 978-93-84875-16-9
041 ## - LANGUAGE CODE
Language code of text/sound track or separate title eng
100 ## - MAIN ENTRY--AUTHOR NAME
Personal name GOYAL, NAVEEN
245 ## - TITLE STATEMENT
Title A HANDBOOK OF PHARMACOGNOSY
260 ## - PUBLICATION, DISTRIBUTION, ETC. (IMPRINT)
Place of publication MODINAGAR (UP)
Name of publisher UNNATI PULICATIONS
300 ## - PHYSICAL DESCRIPTION
Number of Pages 243p,
650 ## - SUBJECT ADDED ENTRY--TOPICAL TERM
Topical Term PHARMACY
942 ## - ADDED ENTRY ELEMENTS (KOHA)
Koha item type Books
Holdings
Lost status Damaged status Collection code Home library Current library Shelving location Date acquired Source of acquisition Cost, normal purchase price Accession Number Koha item type
    Reference JRU Library JRU Library SHELF-4-C 14/03/2020 PURCHESS 218.00 24172 Books
    PHARMACY JRU Library JRU Library Shelf - 25- C 14/03/2020 PURCHESS 218.00 24173 Books
    PHARMACY JRU Library JRU Library Shelf - 25- C 14/03/2020 PURCHESS 218.00 24174 Books
    PHARMACY JRU Library JRU Library Shelf - 25- C 14/03/2020 PURCHESS 218.00 24175 Books
    PHARMACY JRU Library JRU Library Shelf - 25- C 14/03/2020 PURCHESS 218.00 24176 Books